000 00731nam a22002177a 4500
999 _c195815
_d195815
005 20230503123231.0
010 _aENG-136756
020 _a9789352602117
_c745.00
035 _aEN-120288
037 _bDBAD/PUB
082 _a658.4052
100 _aLewicki,Roy. J
245 _aNegotiations :
_cBy Roy. J Lewicki; David M.Saunders And Bruce Barry
_bReadings, Exercises and Cases /
250 _aSixth
260 _aChennai
_bMc Graw Hill Education (India) Private Limited
_c2016
270 _a444/1, Sri Ekambara Naicker Industrial Estate, Alapakkam, POrur
_bChennai
_e600116
300 _a708p.;
_c24m(pbk)
700 _a.Saunders, David M
700 _a Barry, Bruce
942 _2ddc
_cEN
_h658.4052
_mLEW